• 首页
  • 本馆介绍
  • 公告通知
  • 最新文献
  • 馆藏检索
  • 电子资源
  • 读者导购
  • 参考咨询
  • 我的图书馆
  • 登录
  • 详细信息显示
  • 放入我的书架
  • 预约/预借图书
  • 作者相关作品
  • 分类相关作品
  • 丛书相关作品
  • 出版社相关作品

书目信息

  • 表格格式
  • 工作单格式
  • 卡片格式
题名:
淮南子
    
 
作者: ;文心工作室 编著
分册:  
出版信息: 上海   上海三联书店  2020
页数: 299页
开本: 21cm
丛书名:
单 册:
中图分类: B234.42 , B234.4
科图分类:
主题词: 杂家--中国--西汉时代
电子资源:
ISBN: 978-7-5426-6750-2
000 00839nam0 2200265 450
001 2057442059
005 20210107092852.67
010    @a978-7-5426-6750-2@dCNY59.80
100    @a20200427d2020 em y0chiy50 ea
101 0  @achi
102    @aCN@b310000
105    @ay z 000yy
200 1  @a淮南子@9huai nan zi@b专著@f文心工作室编著
210    @a上海@c上海三联书店@d2020
215    @a299页@d21cm
300    @a优雅的汉语 中文经典100句
305    @a经城邦文化事业股份有限公司(商周出版)授权出版
330    @a本书遴选《淮南子》中的名句一百条,将名句与经典的主旨阐明,有助于读者通透运用名句。
605    @a《淮南子》@x名句@x鉴赏
606 0  @a杂家@y中国@z西汉时代
690    @aB234.42@v5
690    @aB234.4@v4
711 02 @a文心工作室@9wen xin gong zuo shi@4编著
801  2 @aCN@b58marc.cn@c20200604
905    @aZUCC@dB234.4@e5
    
    淮南子/文心工作室编著.-上海:上海三联书店,2020
    299页;21cm
    优雅的汉语 中文经典100句
    
    ISBN 978-7-5426-6750-2:CNY59.80
    本书遴选《淮南子》中的名句一百条,将名句与经典的主旨阐明,有助于读者通透运用名句。
●
相关链接 在五车中查询图书 在当当中查询图书 在豆瓣中查询图书


正题名:淮南子     索取号:B234.4/5         预约/预借

序号 登录号 条形码 馆藏地/架位号 状态 备注
1 2000879335   2000879335   第二书库/ [索取号:B234.4/5] 在馆    
2 2000879336   2000879336   第二书库/ [索取号:B234.4/5] 在馆    
3 870726   2000870726   第二书库/ [索取号:B234.4/5] 在馆    
4 870727   2000870727   第二书库/ [索取号:B234.4/5] 在馆    
5 870728   2000870728   第二书库/ [索取号:B234.4/5] 在馆    
山东省滨州职业学院图书馆 欢迎您!
大连网信软件有限公司© 版权所有